| 000 | 00775nab a2200253 4500 | ||
|---|---|---|---|
| 003 | BR-BrBNA | ||
| 005 | 20241204123115.0 | ||
| 008 | 241204b bl.||||| |||| 00| 0 por d | ||
| 040 |
_aBR-BrBNA _bpor |
||
| 072 | _aU10 ; F06 | ||
| 100 | _aToniello, Bruno | ||
| 245 | _aAutomação em sistemas de irrigação por gotejamento | ||
| 500 | _a6 illus. | ||
| 650 | _aIRRIGAÇÃO POR GOTEJAMENTO | ||
| 650 | _aAUTOMAÇÃO | ||
| 650 | _aINFORMÁTICA | ||
| 650 | _aTECNOLOGIA | ||
| 650 | _aGEORREFERENCIAMENTO | ||
| 650 | _aCUSTO-BENEFÍCIO | ||
| 650 | _aEQUIPAMENTO DE IRRIGAÇÃO | ||
| 773 | 0 |
_04820 _9318173 _dVotuporanga/SP IRRIGAZINE 2009 _o2024-4925 _tIrrigazine (Brazil) _gv. 5(17) p. 17-18; (Apr 2010) _wBR2024003744 |
|
| 942 | _cANA | ||
| 999 |
_c329013 _d329013 |
||